000 00484nab a2200145Ia 4500
003 ES-SlBCS
005 20210601124305.0
008 140529s1976 xxu||||| |||| 00| 0 eng d
041 _aeng
100 1 _aMulvaney, Robert J.
_9131393
245 0 0 _aAction, Teaching and the Limits of Practical Rationality: A Response to President Green
_c Robert J. Mulvaney
650 0 4 _aEnseñar
_9138987
773 0 _tEducational Theory
_gvol. 26, nº. 3, 1976, págs. 259-262
_wRev1399
942 _cAR
999 _c512398
_d512398